Statistics for Edinburgh Trams

Click here to take the quiz!

General Stats

  • This quiz has been taken 17 times
  • The average score is 13 of 16

Answer Stats

Answer% Correct
Airport
100%
Edinburgh Park
100%
Murrayfield
100%
Princes street
100%
St andrews square
100%
Gyle centre
82%
Haymarket
82%
Ingilston park and ride
82%
Saughton
82%
West end
82%
York place
82%
Balgreen
73%
Edinburgh gateway
73%
Gogarburn
64%
Bankhead
45%
Edinburgh park central
45%

Score Distribution

Percentile by Number Answered

Percent of People with Each Score

Your Score History

You have not taken this quiz